Europes most populated cities 1000 years ago - Statistics

General Stats
  • This quiz has been taken 156 times
  • The average score is 5 of 10
Answer Stats
Population Answer % Correct
35000(Italy) Rome
97%
45000(Ukraine) Kiev
88%
300000(Turkey) Constantinople
69%
45000(Italy) Venice
67%
90000(Spain) Seville
58%
450000(Spain) Cordoba
47%
75000(Italy) Palermo
42%
40000(Greece) Thessalonika
9%
35000(Spain) Almeria
7%
40000(Macedonia) Ohrid
7%
No matching quizzes found
Score Distribution
Percent of People with Each Score
Percentile by Number Answered
Your Score History
You have not taken this quiz